CAW World Champions - Statistics

General Stats
  • This quiz has been taken 3 times
    2 since last reset
  • The average score is 83 of 175
Answer Stats
Hint Answer % Correct
1 - NHBW Abigor
100%
1 - XWP Adam Alexsander
100%
7 - PASW, DSW, YCW Adrian Destiny
100%
8 - YWE, YIW, EWE, CXW, WCA, ELW AJ Reyes
100%
7 - YWE, YIW, DWF Angel
100%
7 - YXW, XWP, ECCW, IWA, NHBW, EEW Angel Alexander
100%
14 - YWE, YXW, EWE, OCW, WCA, ELW, SWE Antho
100%
8 - WYCW, OCW Ashley Punk
100%
6 - YWE Blue Star
100%
12 - YXW, XWP, ENA, CXW, ECCW, IWA, PWF, PCW Brett Storm
100%
2 - XWP, EEW Cycloper
100%
1 - OCW Dalton Angel
100%
6 - OCW, ELW, EWF, XYZ, NSWL DJ Hero
100%
19 - YXW, XWP, EWE, DWF, CXW, RpW, IWA, PWF, DSW, YCW, YWA, GYW, TOW, WYCW DoggyDog
100%
4 - YWE Dynamite
100%
3 - YWE Grimez
100%
4 - ENA Herosta
100%
1 - CXW Jack Roberts
100%
2 - ENA JB Black
100%
2 - OCW Joe Angelo
100%
20 - YXW, YIW, XWP, EWE, DWF, OCW, CXW, PASW, PWF, WCA, EWF, TOW Johnny Extreme
100%
4 - IWA, JPW, SWE, XCW Joshie P
100%
3 - WCA, ELW, Kid Wild
100%
1 - WYCW Krystal Punk
100%
12 - YWE, XWP, EWE, WCA, ELW, SWE, TCW Lula
100%
7 - XWP, CXW, ECCW, PWF, NHBW, RCW Mahadi Khan
100%
33 - YWE, YXW, YIW, XWP, EWE, DWF, OCW, PASW, RpW, ECCW, AWC, TWE, WCA, YUW, SWE, TCW, YCW, YFW, VWE, WYCW, REW Mario Sanchez
100%
9 - YXW, EWE, RpW, JPW, YTW, GYW, WNU Mart War
100%
3 - XWP, IWA Matteo
100%
12 - YXW, XWP, DWF, OCW, CXW, PWF, WCA, PWC, RCF, EYE Max Mercury
100%
4 - YXW, WCA, RWE, YWA M-Core
100%
14 - YWE, YIW, DWF, ENA, ECCW Mr. Black
100%
1 - YWE Paul Omega
100%
10 - YWE, YXW, YIW, EWE, ECCW PJ Skillz
100%
4 - EWE, DWF, AWC, A'EWE Rocky'N
100%
10 - ENA, PNA Rogan Rex
100%
4 - YXW, XWP, OCW, GYW Sean Avery
100%
3 - AWC, TWE Shawn
100%
10 - YWE, YXW, YIW, EWE, DWF, CXW, TWE, SWE, CWE Silvio
100%
1 - YXW Sonya Dog
100%
2 - WYCW Star
100%
7 - DWF, RpW, WCA, YCW, CWE Straight Code Star
100%
4 - ELW The Icon
100%
2 - WYCW, ENA Titanyana Black
100%
1 - YUW Trish Punk
100%
4 - CXW, ECCW, TWE Vandy
100%
9 - YWE, XWP, EWE, XCW, XYZ Victor X
100%
2 - ENA Ahmi Del Rezak
50%
9 - YWE, XWP, EWE, OCW, PCW, GRW Alieus
50%
3 - WYCW Amy Fox
50%
9 - YWE, XWP, EWE, DWF, TCW, YTW, TOW Arrow
50%
6 - YXW, XWP, CXW, RpW, TCW Brendan X
50%
1 - No Mercy Bronco Harris
50%
1 - XWP Brooke Danger
50%
2 - OCW, ELW Caesar Dan
50%
2 - SWE Carlettinho
50%
2 - YXW, Premium Wrestling Casablanca
50%
1 - WCCW Chris Danger
50%
1 - NHBW Clark The Great
50%
4 - YWE, PWC, CWF Crazy One
50%
1 - XWF Damage
50%
3 - ENA Dead Abysm
50%
5 - RpW, IWA, GYW, TOW Demon Spyke
50%
1 - XWP Deshawn Jackson
50%
3 - RpW, YUW Doctor Z
50%
1 - XWF Dr. Khan
50%
1 - ENA Dynamite Sherifska
50%
3 - TWE, YCW, YFW ED Master
50%
2 - OCW Emma Sky
50%
1 - ECCW Flamer
50%
1 - SWE Francesco
50%
1 - PASW Freddy Bones
50%
1 - AWC Goth
50%
8 - DWF, TWE, YUW, CWE Iconic Troy
50%
3 - XWP, ENA, JPW Jacob Cass
50%
5 - XWP, OCW, DSW, CXW Jacob Steele
50%
4 - DWF, RpW Jake Navor
50%
1 - DSW Jax Icon
50%
3 - WYCW, OCW Jenna
50%
2 - XWP Jet Omega Elliot
50%
1 - OCW Jonathan Morgan
50%
2 - DWF, RpW K2K
50%
7 - WYCW, OCW Kat
50%
1 - JPW Kevin
50%
2 - OCW, XWF Knightmare
50%
1 - JPW Logan McGregor
50%
1 - XWF Lord Law
50%
1 - SWE Mattista
50%
2 - RCF, WCCW Max Styles
50%
11 - YXW, XWP, DWF, OCW, PASW, PWF, TCW Mike House
50%
1 - XWP Mr Macho
50%
6 - ENA Nuru
50%
8 - YWE, YIW, EWE, CXW Phenom
50%
2 - WCA, RWE Raider X
50%
3 - DWF, RpW, EWF Roacher
50%
3 - PASW Road Rocker
50%
1 - YWE Rocker
50%
2 - XWP Rocky Crippler
50%
1 - ENA Sarah Lance
50%
1 - OCW Saraya Knight
50%
2 - WYCW, OCW Sasha Firece
50%
7 - ENA SCM
50%
2 - SWE Sdollao
50%
7 - YWE, YIW, EWE, SWE Shadow
50%
5 - OCW, XWP, CXW Shannon Ocarina
50%
3 - WCA Shark
50%
4 - XWP, EEW, CPW Shawn Sokolov
50%
2 - ENA Sio Sebastian
50%
2 - XWP, ECCW Stunning Bradd
50%
12 - WYCW, OCW, TWE, YUW, EWE, ELW, YCW, YFW Sue
50%
1 - XWP Tank
50%
2 - XWP, ECCW Tech
50%
2 - CXW, DSW The Dark Storm
50%
1 - OCW Treble
50%
2 - DWF, SWE Triple X
50%
1 - XWP Undershock
50%
2 - YUW Viper
50%
5 - YXW, YIW, DWF, CXW Vixx
50%
2 - WCA, YCW Abby Cavazos
0%
1 - WCA Alex Mins
0%
3 - PASW Alpha
0%
2 - WCA American Bella
0%
1 - OCW Angelo Odyssey
0%
2 - ELW Angus
0%
1 - No Mercy Antonio Barrera
0%
1 - WCA Avril Ashley
0%
1 - ENA Bill Goldberg
0%
1 - ELW Bison
0%
1 - YUW Black Siren
0%
1 - EEW Brandon Wolfe
0%
1 - WYCW Brooke Blane
0%
1 - WYCW Casey Peterson
0%
1 - RpW Chris Parker
0%
1 - ENA Cold Soldier
0%
1 - WYCW Courtney Wilde
0%
1 - WCA Eric Walker
0%
1 - EWF Gray
0%
1 - EWF Jason Nightmare
0%
1 - CXW Jay X
0%
1 - PASW Jessica Gore
0%
2 - WYCW Jessica Mendoza
0%
1 - WCA Judy Revel
0%
1 - OCW JZ
0%
1 - WYCW Kale Aubin-Mercier
0%
1 - TWE Kerri Winters
0%
1 - WCYW Kiara Doom
0%
1 - EWF Lightmare
0%
1 - ACW Lilith Shade
0%
1 - XWF Luke Loynes
0%
1 - DSW Maverick Stud
0%
1 - DWF Maxakrer
0%
1 - DSW Max Lopez
0%
1 - ENA Mr. Hummel
0%
1 - YUW Nightmare Girl
0%
3 - OCW, CXW Pheramosa
0%
1 - ELW Prohibited
0%
1 - CXW Reckless
0%
2 - ENA Rhinos
0%
2 - YUW RJ
0%
1 - EWE Sally
0%
1 - ACW Sara Ethyest
0%
1 - EWE Scott Jay
0%
1 - EWF Skyfly
0%
1 - WYCW Sonya Phoenix
0%
1 - ELW Tar
0%
1 - WYCW Taylor Blade
0%
2 - OCW The Ninja
0%
1 - EWE The Undertaker
0%
2 - YWE Thunder
0%
2 - ENA Thunder Fred
0%
1 - YWE Tornado
0%
1 - YXW Travis Benjamin
0%
2 - ENA Youngblood
0%
3 - YUW Zack-O
0%
1 - ELW Zie Chang
0%
No matching quizzes found
Score Distribution
Percent of People with Each Score
Percentile by Number Answered
Your Score History
You have not taken this quiz since the last reset